Normal view
MARC view
Entry Personal Name
001 - CONTROL NUMBER
- control field: 4891
003 - CONTROL NUMBER IDENTIFIER
- control field: OSt
005 - DATE AND TIME OF LATEST TRANSACTION
- control field: 20190429142226.0
008 - FIXED-LENGTH DATA ELEMENTS
- fixed length control field: 190429|| aca||aabn | a|a d
040 ## - CATALOGING SOURCE
- Original cataloging agency: OSt
- Transcribing agency: OSt
100 ## - HEADING--PERSONAL NAME
- Personal name: Joseph, Thomas
670 ## - SOURCE DATA FOUND
- Source citation: Work cat.: (OSt): Chhajer, Raina 4888, Role of self-efficacy optimism and job engagement in positive change: evidence from the Middle East, 2018
